| 000 | 01569nam a22004097a 4500 | ||
|---|---|---|---|
| 003 | CHAP | ||
| 005 | 20220329143512.0 | ||
| 008 | 100301s2009 mx r 00010 spa d | ||
| 010 | _a97635 | ||
| 011 | _a98607 | ||
| 035 | _a109292 | ||
| 040 | _cCHAP | ||
| 090 | _aTesis | ||
| 100 | 1 |
_aNieves González, Ibeth. _981313 |
|
| 245 | 1 | 0 |
_aEstrategia comercial para el sistema producto trucha en el Estado de México _c/por Ibeth Nieves Gonzáles |
| 260 |
_aChapingo, Méx. : _bEl autor, _c2009 |
||
| 300 |
_ax, 53 h. : _bcuadros, gráfs. |
||
| 502 | _aTesis (Ing. Agr. Esp. en Economía Agrícola) -- UACH. División de Ciencias Económico Administrativas | ||
| 530 | _aTambién disponible en línea | ||
| 590 |
_aALEPH _b10 _c20130110 _lUCH01 _h1532 |
||
| 590 |
_aBATCH-UPD _b10 _c20130110 _lUCH01 _h1154 |
||
| 590 |
_aBATCH-UPD _b10 _c20130410 _lUCH01 _h0737 |
||
| 590 |
_aBATCH-UPD _b10 _c20130914 _lUCH01 _h1326 |
||
| 590 |
_aBATCH-UPD _b10 _c20140324 _lUCH01 _h1514 |
||
| 590 |
_aBATCH-UPD _b10 _c20141002 _lUCH01 _h0841 |
||
| 590 |
_aCONVERSION _b10 _c20130109 _lUCH01 _h1354 |
||
| 650 | 1 | 4 |
_aEstanques piscícolas. _938273 |
| 650 | 1 | 4 |
_aPescado _xMercadeo. _987450 |
| 650 | 1 | 4 |
_aPiscicultura _zMéxico (Edo.). _988559 |
| 650 | 1 | 4 |
_aSistemas de producción. _9106767 |
| 650 | 1 | 4 |
_aTrucha. _9115343 |
| 856 |
_3Finding aid _uhttp://10.13.5.2/tesis/109292.pdf _zTeclea aqui |
||
| 901 | _aBK | ||
| 942 | _cFOLL | ||
| 949 |
_aTesis _bBC _cTES _d33724002117058 _eTS1 _gDonaciØn _h50064 _i109292 _sb |
||
| 949 |
_aTesis _bBC _cTES _d33724002117090 _eTS2 _fc.2 _gDonaciØn _h50065 _i109292 _sb |
||
| 999 |
_c97635 _d97635 |
||